Education as an instrument to overcome social, racial and gender discrimination /
Guardat en:
| Autor principal: | |
|---|---|
| Format: | Text |
| Matèries: | |
| Etiquetes: |
Afegir etiqueta
Sense etiquetes, Sigues el primer a etiquetar aquest registre!
|
MARC
| LEADER | 00000 a a2200000 04500 | ||
|---|---|---|---|
| 001 | 9192 | ||
| 003 | |||
| 040 | |||
| 100 | |a Buarque, Cristovam | ||
| 245 | |a Education as an instrument to overcome social, racial and gender discrimination / |c Cristovam Buarque | ||
| 650 | |a DESIGUALDAD SOCIAL | ||
| 650 | |a EXCLUSION SOCIAL | ||
| 650 | |a BRASIL | ||
| 773 | |g volumen 21, número 2; páginas 4-39 | ||
| 999 | |c 20483 |d 20483 | ||
